Baby Names: 'C' Girl Names by Decade Quiz Stats

 Plays Quiz Updated Apr 14, 2017

Challenge
Share
Tweet
Embed
Score 0/65 Timer 08:00
7 Plays Today
Decade Name % Correct
1880sCatherine
82.1%
1890sCatherine
82.1%
1910sCatherine
82.1%
1920sCatherine
82.1%
1930sCatherine
82.1%
1940sCatherine
82.1%
2000sCatherine
82.1%
1900sCatherine
80%
1920sCarol
78%
1930sCarol
78%
1940sCarol
78%
1950sCarol
78%
1960sCarol
78%
1950sChristine
70.8%
1960sChristine
70.8%
1970sChristine
70.8%
1980sChristine
70.8%
1880sCaroline
68.8%
2000sCaroline
68.8%
1970sChristina
67.6%
1980sChristina
67.6%
1990sChristina
67.6%
2000sChristina
67.6%
1890sCharlotte
61.9%
1900sCharlotte
61.9%
1910sCharlotte
61.9%
1920sCharlotte
61.9%
1930sCharlotte
61.9%
1960sCindy
56%
1900sCora
53.4%
1880sCora
53.4%
1890sCora
53.4%
1910sCora
53.4%
Decade Name % Correct
1880sCarrie
53.1%
1890sCarrie
53.1%
1910sCarrie
53.1%
1970sCarrie
53.1%
1900sCarrie
53.1%
2000sClaire
52.8%
1940sCynthia
50.8%
1950sCynthia
50.8%
1960sCynthia
50.8%
1970sCynthia
50.8%
2000sChloe
50.3%
1880sClara
50.3%
1890sClara
50.3%
1900sClara
50.3%
1910sClara
50.3%
1920sClara
50.3%
1930sClara
50.3%
1980sCassandra
49.2%
1990sCassandra
49.2%
1920sCarolyn
48.6%
1930sCarolyn
48.6%
1940sCarolyn
48.6%
1950sCarolyn
48.6%
1940sCheryl
36.3%
1950sCheryl
36.3%
1960sCheryl
36.3%
1990sChelsea
35.6%
1970sCrystal
33.7%
1980sCrystal
33.7%
1990sCrystal
33.7%
1980sCourtney
33.6%
1990sCourtney
33.6%

You're not logged in!

Compare scores with friends on all Sporcle quizzes.
Join for Free
OR
Log In

Show Comments

Extras

Top Quizzes Today


Score Distribution

Your Account Isn't Verified!

In order to create a playlist on Sporcle, you need to verify the email address you used during registration. Go to your Sporcle Settings to finish the process.

Report this User

Report this user for behavior that violates our Community Guidelines.

Details: